000 01472camaa2200445Mi 4500
001 93455
005 20230410132922.0
008 900725s19779999sp 000 0 spa d
035 _a(OCoLC)ocn433960686
040 _aBNM
_bspa
_cBNM
_dU6C
016 7 _abimoBNE19982914040
_2SpMaBN
017 _aM 20180-1977
019 _a503223072
020 _a8424934830
020 _a9788424934835
035 _a(OCoLC)433960686
_z(OCoLC)503223072
041 1 _aspa
_hgrc
050 1 4 _aB 171
_bB582 1977
049 _aGRAL
100 0 _aJenofonte.
130 1 _aBiblioteca Clásica Gredos
245 1 0 _aHelénicas /
_cJenofonte ; traducción, introducción y notas de Orlando Guntiñas Tuñón ; [traducción revisada por Antonio Guzmán Guerra].
260 _aMadrid :
_bGredos,
_c1977.
300 _a342 p.
_c20 cm.
440 0 _aBiblioteca Clásica Gredos;
_vn.2
650 0 _aPhilosophy, Classical.
650 0 _aPhilosophy, Ancient.
650 0 _aPhilosophers, Ancient
_xBiography
500 _aIndices.
504 _aBibliografía: p. 25-26.
651 7 _aGrecia
_xHistoria
_y431-404 a.C. (Guerra del Peloponeso)
_2embne
651 7 _aGrecia
_xHistoria
_y404-362 a.C. (Supremacía espartana y tebana)
_2embne
651 4 _aGrecia
_xHistoria
_y404-362 A. C.
700 1 _aGuntiñas Tuñón, Orlando.
700 1 _aGuzmán Guerra, Antonio.
830 0 _aBiblioteca clásica Gredos ;
_v2.
942 _2lcc
_cbk
946 _amjcruz
994 _aC0
_bDRFGD
999 _c90185
_d90185